| 000 | 00616nam a22002052 4500 | ||
|---|---|---|---|
| 001 | 0000004612 | ||
| 005 | 20151217145818.0 | ||
| 008 | 070525s xx 000 0 eng d | ||
| 020 |
_a0674794826 : _cKES 400 |
||
| 040 |
_aKABU _cKABU |
||
| 050 | 0 |
_aQH331 _b.M66 |
|
| 100 | 1 |
_aMoore, John A. _@0000155256 |
|
| 245 | 1 | 0 |
_aScience as a way of knowing : _bthe foundations of modern biology. |
| 260 |
_aCambridge, Mass : _bHarvard Univ. Press, _c1993. |
||
| 300 | _aviii, 530 p. | ||
| 650 | 0 |
_aBiology _xPhilosophy. _@0000155255 |
|
| 908 | _a070525 | ||
| 950 | _@1 | ||
| 999 |
_c2816 _d2816 |
||